00689cas a22001937a 450000500170000000800410001701000100005801100100006803500100007824501260008826000810021430000070029531000120030236200210031450000580033565000500039386600190044386600330046220220329142317.0000607u1905 mx mr pernn 0 b1spa d a81440 a82412 a9290700aBoletín de la Secretaría de Comunicaciones y Obras Públicasc/por Secretaría de Comunicaciones y Obras Públicas0 aMéxico, D. F. :bSecretaría de Comunicaciones y Obras Públicas,c1905- av. aMensual1 av.6 n.1-12, 1926 aSe dejó de recibir a partir del v. 8 n. 12 de 1928.14aObras públicasxPublicaciones periódicas. av.1 n.1 (1905) av.2 n.7-v.8 n.12 (1922-1928)